Muslim Chechnya : tareekh ke ainay mein/ (Record no. 103405)
[ view plain ]
| 000 -LEADER | |
|---|---|
| fixed length control field | 00411nam a22001457a 4500 |
| 005 - DATE AND TIME OF LATEST TRANSACTION | |
| control field | 20180216110658.0 |
| 008 - FIXED-LENGTH DATA ELEMENTS--GENERAL INFORMATION | |
| fixed length control field | 180216b xxu||||| |||| 00| 0 eng d |
| 040 ## - CATALOGING SOURCE | |
| Transcribing agency | PK-LaUMT |
| 082 ## - DEWEY DECIMAL CLASSIFICATION NUMBER | |
| Classification number | PKAC 297.72094752 |
| Item number | KAR-M |
| 100 ## - MAIN ENTRY--PERSONAL NAME | |
| Personal name | Karam A. Khan |
| 245 ## - TITLE STATEMENT | |
| Title | Muslim Chechnya : tareekh ke ainay mein/ |
| Statement of responsibility, etc | Karam A. Khan |
| 260 ## - PUBLICATION, DISTRIBUTION, ETC. (IMPRINT) | |
| Place of publication, distribution, etc | راولپنڈی: |
| Name of publisher, distributor, etc | مرکز مطبوعات |
| Date of publication, distribution, etc | 2004 |
| 300 ## - PHYSICAL DESCRIPTION | |
| Extent | 422 |
| 942 ## - ADDED ENTRY ELEMENTS (KOHA) | |
| Koha item type | Books |
| Withdrawn status | Lost status | Damaged status | Home library | Current library | Date acquired | Full call number | Barcode | Date last seen | Copy number | Price effective from | Koha item type |
|---|---|---|---|---|---|---|---|---|---|---|---|
| UMT Main Campus | UMT Main Campus | 2018-02-16 | PKAC 297.72094752 KAR-M | 119566 | 2018-02-16 | c-1 | 2018-02-16 | Books | |||
| UMT Main Campus | UMT Main Campus | 2018-02-16 | PKAC 297.72094752 KAR-M | 119565 | 2018-02-16 | c-2 | 2018-02-16 | Books |
